名字含“江”的县区 Counties with river in their names - Statistics

General Stats
  • This quiz has been taken 101 times
  • The average score is 53 of 108
Answer Stats
省区 县区 % Correct
浙江 江北区
93%
广西 江南区
87%
重庆 两江新区
85%
湖北 江岸区
76%
江苏 江宁区
75%
福建 晋江市
75%
上海 松江区
75%
湖北 江汉区
70%
江苏 江阴市
70%
重庆 綦江区
70%
江苏 吴江区
70%
浙江 滨江区
67%
重庆 江津区
66%
吉林 临江市
66%
四川 南江县
66%
湖北 潜江市
63%
海南 昌江黎族自治县
61%
江西 昌江区
61%
江苏 靖江市
61%
黑龙江 龙江县
61%
贵州 江口县
60%
湖北 江陵县
60%
浙江 江山市
60%
江苏 邗江区
58%
四川 合江县
58%
四川 江安县
58%
重庆 黔江区
58%
湖南 沅江市
58%
云南 江城哈尼族彝族自治县
57%
广东 江城区
57%
湖北 江夏区
57%
四川 江阳区
57%
四川 锦江区
57%
福建 台江区
57%
贵州 台江县
57%
湖南 平江县
55%
广西 三江侗族自治县
55%
安徽 庐江县
54%
湖南 洪江市
52%
黑龙江 同江市
52%
四川 温江区
52%
黑龙江 嫩江市
51%
安徽 弋江区
51%
云南 元江哈尼族彝族傣族自治县
51%
四川 中江县
51%
云南 澄江市
49%
重庆 垫江县
49%
江苏 江都区
49%
福建 连江县
49%
浙江 浦江县
49%
广东 曲江区
49%
贵州 榕江县
49%
贵州 从江县
48%
湖北 丹江口市
48%
西藏 工布江达县
48%
广东 江海区
48%
湖南 江华瑶族自治县
48%
西藏 江孜县
48%
浙江 椒江区
48%
云南 江川区
46%
四川 江油市
46%
吉林 江源区
46%
广西 江州区
46%
安徽 鸠江区
45%
广东 梅江区
45%
四川 通江县
45%
湖北 枝江市
45%
湖南 冷水江市
43%
福建 洛江区
43%
吉林 宁江区
43%
安徽 望江县
43%
湖南 江永县
42%
江苏 清江浦区
42%
湖南 芷江侗族自治县
42%
贵州 德江县
40%
广东 廉江市
40%
四川 罗江区
40%
湖南 桃江县
40%
贵州 碧江区
39%
四川 都江堰市
39%
四川 开江县
39%
四川 蒲江县
39%
四川 青白江区
39%
浙江 衢江区
39%
云南 双江拉祜族佤族布朗族傣族自治县
39%
广东 武江区
39%
安徽 迎江区
39%
广东 浈江区
39%
广西 环江毛南族自治县
37%
西藏 江达县
37%
广西 柳江区
37%
云南 盈江县
37%
福建 涵江区
36%
吉林 浑江区
34%
贵州 印江土家族苗族自治县
34%
贵州 麻江县
31%
广东 蓬江区
31%
四川 雅江县
31%
广西 右江区
31%
四川 夹江县
30%
云南 墨江哈尼族自治县
30%
江西 余江区
30%
广西 金城江区
27%
云南 绥江县
27%
江西 峡江县
25%
吉林 二道江区
24%
广东 濠江区
24%
四川 雁江区
22%
No matching quizzes found
Score Distribution
Percent of People with Each Score
Percentile by Number Answered
Your Score History
You have not taken this quiz